Pays Possédant l'Arme Nucléaire - Statistiques

Statistiques générales
  • Ce quiz a été pris 696 fois
  • Le résultat moyen est 8 sur 9
Statistiques - réponses
Nombre d'Ogives
Nucléaires
Réponse % Correct
290 France
100%
5550 États-Unis
99%
6255 Russie
99%
350 Chine
96%
225 Royaume-Uni
92%
45 Corée du Nord
86%
156 Inde
84%
90 Israël
74%
165 Pakistan
70%
Aucun quiz correspondant
Distribution des résultats
% des personnes avec chaque résultat
Percentile par nombre de réponses
Votre historique - résultats
Vous n’avez pas pris ce quiz